| 000 | 00554nam a2200193Ia 4500 | ||
|---|---|---|---|
| 999 |
_c31698 _d31698 |
||
| 003 | OSt | ||
| 005 | 20200805103103.0 | ||
| 008 | 190216s9999||||xx |||||||||||||| ||und|| | ||
| 020 | _a9971513560 | ||
| 040 | _coclc | ||
| 082 |
_a519.4 _bATK/I |
||
| 100 |
_aAtkinson, Kendall E _93965 |
||
| 245 | 0 |
_aAn Introduction to Numerical Analysis / _cKendall E Atkinson |
|
| 250 | _a2nd Ed. | ||
| 260 |
_bJohn Wiley & Sons, _aNew York: _c2001. |
||
| 300 | _a693p | ||
| 650 | _aMathematics | ||
| 942 |
_cBK _2ddc _h519.4 _iATK/I _k519.4 _mATK/I |
||